000 00326nam a22001337a 4500
008 181025b xxu||||| |||| 00| 0 eng d
020 _a9780195174106
041 _aeng
080 _a321
100 _a31
101 _aPOL
245 _aThe Politics Of Equity Finance In Emerging Markets
_cLavelle.K.C
942 _2udc
_cBK
999 _c50916
_d50916